000 00607nam a2200217Ia 4500
005 20241129111158.0
008 241129s9999||||xx |||||||||||||| ||und||
020 _a978-0-7453-3434-9
037 _aTB
040 _aCRL
_beng
_cCRL
041 _aeng
_2eng
084 _aY:1 Q5
_qCRL
100 _aMiles Malcolm Au.
_933533
245 0 _aLimits to culture: urban regeneration vs. dissident art
_cMiles Malcolm Au.
260 _aLondon, UK
_bPluot Press
_c2015
300 _avii,216p.
365 _aUKP
_b16.99
650 _aSociologyCulture
942 _cTB
_hY:1 Q5
999 _c1229279
_d1229279